1794 1864 1351 1186 1592 1679 1376 1118 1729 1187 1737 1903 1017 1634 1719 1719 1663 1299 1194 1334 1161 1600 1597 1539 1546 1714 1021 1839 1468 1509 1942 1700 1812 1618 1485 1792 1964 1184 1110 1886 1450 1939 1217 1509 1250 1873 1247 1795 1573 1064 1365 1704 1248 1890 1611 1015 1375 1531 1732 1277 1059 1173 1723 1365 1382 1353 1284 1075 1944 1892 1740 1615 1861 1706 1187 1575 1133 1552 1718 1151 1346 1846 1561 1162 1886 1060 1961 1739 1822 1414 1427 1254 1737 1416 1724 1554 1073 1700 1320 BCNSPRNW ULIB Ver.6.0+V

เปลี่ยนเป็นภาษาไทย

Change to English
 แสดงรายละเอียดบรรณานุกรม
  กลับหน้าหลัก

Brief Record : Get Marc (ISO 2709) : E-mail record : QR code < ปิดหน้าต่าง
LEADER : 00000nam 2200000uu 4500
001    13399120597
003     ULIB
008    120928s2553||||th 000 0 tha d
020    ^a9789812599780 (ล.2)
041 1  ^atha^heng
060 04 ^aWY152^J111ก ล.2 2553
245 00 ^aการพยาบาลผู้ใหญ่และผู้สูงอายุที่มีปัญหาสุขภาพ^nเล่ม 2 =^bMedical-surgical nursing clinical management for positive outcomes /^cบรรณาธิการ, ผ่องศรี ศรีมรกต
246 31 ^aMedical-surgical nursing clinical management for positiveoutcomes
250    ^aพิมพ์ครั้งที่ 1
260    ^aกรุงเทพฯ :^bไอ กรุ๊ป เพรส,^c2553
300    ^axiv, 793 หน้า :^bภาพประกอบ ;^c28 ซม.
500    ^aแปลและเรียบเรียงจากหนังสือ Medical-surgical nursing :clinical management for positive outcomes / [edited by] Joyce M. Black, Jane Hokanson Hawks. 7th ed. 2001.
504    ^aมีดรรชนี
650  7 ^aการพยาบาลผู้สูงอายุ
650  7 ^aการพยาบาลอายุรศาสตร์
650  7 ^aผู้ป่วย^xการดูแล
650  7 ^aพยาบาล, การบริการ
700 0  ^aผ่องศรี ศรีมรกต,^eบรรณาธิการ
945    ^p0^l0^i16547
945    ^p0^l0^i16732
945    ^p0^l0^i16733
995    ^aวิภา
999 ^a ใช้งานได้ทุกระบบ
รายการนี้ยังไม่มีแท็ก
คุณยังไม่ได้ล็อกอิน คุณสามารถมีกิจกรรมร่วมกับเว็บไซต์ได้ แต่ต้องล็อกอินก่อน ::
  ล็อกอิน

รายการสื่อสารสนเทศ

ลำดับที่ ประเภท เลขเรียก/บาร์โค้ด สถานที่ สถานะ
1. วิทยาศาสตร์การแพทย์ และสุขภาพ
วิทยาศาสตร์การแพทย์ และสุขภาพ
WY152^J111ก ล.2 2553  
  Barcode: 16547
ห้องสมุดวิทยาเขตนครสวรรค์
►ส่วนจัดเก็บหนังสือเก่า นว.
บนชั้น
  ขอยืม
2. วิทยาศาสตร์การแพทย์ และสุขภาพ
วิทยาศาสตร์การแพทย์ และสุขภาพ
WY152^J111ก ล.2 2553 ฉ.2 
  Barcode: 16732
ห้องสมุดวิทยาเขตนครสวรรค์
►ส่วนจัดเก็บหนังสือเก่า นว.
บนชั้น
  ขอยืม
3. วิทยาศาสตร์การแพทย์ และสุขภาพ
วิทยาศาสตร์การแพทย์ และสุขภาพ
WY152^J111ก ล.2 2553 ฉ.3 
  Barcode: 16733
ห้องสมุดวิทยาเขตนครสวรรค์
►ส่วนจัดเก็บหนังสือเก่า นว.
บนชั้น
  ขอยืม

รายการใกล้เคียง
    หัวเรื่อง [การพยาบาลผู้สูงอายุ]
    หัวเรื่อง [การพยาบาลอายุรศาสตร์]
    หัวเรื่อง [ผู้ป่วย การดูแล]
    หัวเรื่อง [พยาบาล, การบริการ]

BibComment


ยังไม่เคยถูกคอมเมนท์

คอมเมนท์ทรัพยากรรายการนี้
  คอมเมนท์: การพยาบาลผู้ใหญ่..

สมาชิกที่บันทึกรายการนี้ไว้ในรายการโปรด
วัชราวดี ผ่านสุวรรณ

 Copyright 2026. Bcnsprnw @Library